Обоснование необходимости применения системного подхода в дизайн-проектировании. Введение предметно-пространственных факторов; Молодежь и современные информационные технологии

Podrobná bibliografie
Parent link:Молодежь и современные информационные технологии.— 2021.— [С. 208-209]
Hlavní autor: Шкляр А. В. Алексей Викторович
Korporativní autor: Национальный исследовательский Томский политехнический университет Инженерная школа информационных технологий и робототехники Отделение автоматизации и робототехники
Další autoři: Вехтер Е. В. Евгения Викторовна, Бородина А. А.
Shrnutí:Заглавие с титульного экрана
Jazyk:ruština
Vydáno: 2021
Edice:Дизайн и компьютерная графика
Témata:
On-line přístup:http://earchive.tpu.ru/handle/11683/68050
Médium: MixedMaterials Elektronický zdroj Kapitola
KOHA link:https://koha.lib.tpu.ru/cgi-bin/koha/opac-detail.pl?biblionumber=633188

MARC

LEADER 00000naa2a2200000 4500
001 633188
005 20240118165104.0
035 |a (RuTPU)RU\TPU\conf\34936 
035 |a RU\TPU\conf\34934 
090 |a 633188 
100 |a 20210706d2021 k y0rusy50 ca 
101 0 |a rus 
102 |a RU 
105 |a y z 101zy 
135 |a drgn ---uucaa 
181 0 |a i  
182 0 |a b 
200 1 |a Обоснование необходимости применения системного подхода в дизайн-проектировании. Введение предметно-пространственных факторов  |f А. В. Шкляр, Е. В. Вехтер, А. А. Бородина 
203 |a Текст  |c электронный 
225 1 |a Дизайн и компьютерная графика 
300 |a Заглавие с титульного экрана 
320 |a [Библиогр.: с. 209 (4 назв.)] 
463 0 |0 (RuTPU)RU\TPU\conf\34857  |t Молодежь и современные информационные технологии  |o сборник трудов XVIII Международной научно-практической конференции студентов, аспирантов и молодых учёных, 22-26 марта 2021 г., г. Томск  |f Национальный исследовательский Томский политехнический университет, Инженерная школа информационных технологий и робототехники ; под ред. Н. Г. Маркова [и др.]  |v [С. 208-209]  |d 2021 
610 1 |a электронный ресурс 
610 1 |a труды учёных ТПУ 
610 1 |a системный подход 
610 1 |a дизайн-проектирование 
610 1 |a коммуникации 
610 1 |a визуализация 
700 1 |a Шкляр  |b А. В.  |c специалист в области информатики и вычислительной техники  |c старший преподаватель Томского политехнического университета  |f 1970-  |g Алексей Викторович  |3 (RuTPU)RU\TPU\pers\29787  |9 14264 
701 1 |a Вехтер  |b Е. В.  |c специалист в области инженерной графики и начертательной геометрии  |c доцент Томского политехнического университета, кандидат педагогических наук  |f 1972-  |g Евгения Викторовна  |3 (RuTPU)RU\TPU\pers\26510  |9 12212 
701 1 |a Бородина  |b А. А. 
712 0 2 |a Национальный исследовательский Томский политехнический университет  |b Инженерная школа информационных технологий и робототехники  |b Отделение автоматизации и робототехники  |3 (RuTPU)RU\TPU\col\23553 
801 2 |a RU  |b 63413507  |c 20210809  |g RCR 
856 4 |u http://earchive.tpu.ru/handle/11683/68050 
942 |c BK